| 000 | 01123naa a22003017a 4500 | ||
|---|---|---|---|
| 001 | BR8305558 | ||
| 003 | BR-BrBNA | ||
| 005 | 20240918175347.0 | ||
| 007 | ta | ||
| 008 | 230509b bl.||||| |||| 00| 0 por d | ||
| 040 |
_aBR-BrBNA _bpor _cBiblioteca Nacional de Agricultura |
||
| 041 | _a(Pt) | ||
| 072 |
_aF27 _b/G514 |
||
| 090 | _aF27 BR8305558 | ||
| 100 | 1 | _aBenincasa, M. | |
| 100 | 1 | _aBenincasa, M.M.P. | |
| 100 | 1 | _aLopes, L.R. | |
| 100 | 1 | _aSantos, J.M. dos | |
| 111 | 1 |
_a11. Congresso Brasileiro de Engenharia Agricola _cBrasilia, DF (Brazil) _d22-27 Jun 1981 |
|
| 245 | 1 | _aEfeito do espacamento sobre a temperatura e fluxo de calor no solo cultivado [Brasil] | |
| 260 | 3 |
_aBrasilia, DF (Brasil): _c1983. |
|
| 500 | _aAnais do 11. Congresso Brasileiro de Engenharia Agricola, v. 3 Brasilia, DF (Brasil): 1983. p. 1499-1515 (BR8305558-AM)F27 | ||
| 650 | _aCULTIVO DO SOLO | ||
| 650 | _aESPACAMENTO | ||
| 773 | 0 |
_tAnais do 11. Congresso Brasileiro de Engenharia Agricola, v. 3 _wF27 BR8305558 _gBrasilia, DF (Brasil), 1983. p. 1499-1515 |
|
| 909 |
_a202404 _bLucia _c55 _dLucia Elande |
||
| 942 |
_cAM _2AGRIS |
||
| 999 |
_c316313 _d316313 |
||